000 01097cam a22002295a 4500
001 L138203
008 070522s2007 xxk f 000 0 eng d
035 _a(Sirsi) u138203
041 0 _aeng
050 0 4 _a333.33016 $2 18
110 2 _aInvestment Property Databank
_92288
245 0 0 _aIPD UK monthly index
_bend-April 07
_h[electronic publication]
260 _aLondon
_bIPD
_c2007
490 0 _aIPD UK Monthly Index
_vApril 2007
520 _aReports total returns on property to have increased by 14.8% over the last 12 months, compared to 12.7% for equities and 1.5% for Gilts. Reports total returns on property at 0.7% over the last month, with retail property returns at 0.5%, office returns at 1.0%, and industrial returns at 0.7%. Graphs depict 12 month total return and 3 month rental value growth.
590 _aKA
650 2 4 _aIPD UK MONTHLY INDEX
651 4 _aUnited Kingdom
_y
690 _aPROPERTY-COMMERCIAL PROPERTY-COMMERCIAL PROPERTY FINANCE AND INVESTMENT
856 4 0 _uhttps://www.ipdglobal.com/
_zView the item free of charge at www.ipdglobal.com...
942 _n0
999 _c107057
_d107057